000 00436nam a2200181Ia 4500
001 24085
005 20260414151020.0
008 260414t1990||||xx |||||||||||||| ||spa||
041 _aESP
082 _a770.9246
_bE387
100 _aGobierno Vasco
_eAUT
245 0 _aEuskal argazkilariak :
_b150 urte geroago
260 _c1990
300 _a167 páginas :
_c31 cm.
650 _aABD
654 _aCAU
942 _cLIB
_dJUS
_fJUS
_2ddc
_n
999 _c24085
_d24085